000 00320nam a2200121Ia 4500
008 220204s9999 xx 000 0 und d
082 _bJAG.1
245 0 _aJaggi's commentaries on motor vehicle laws including rules. V 1
250 _a5
260 _aAllahabad
_bLaw
_c1978
650 _aMotor vehicle rules
942 _cBK
999 _c29443
_d29443